Estado de necesidad
Tallennettuna:
| Päätekijä: | |
|---|---|
| Aineistotyyppi: | Kirja |
| Kieli: | espanja |
| Julkaistu: |
Buenos Aires
Abeledo-Perrot
1967
|
| Painos: | 1a. ed |
| Sarja: | Monografías Jurídicas, 109
|
| Aiheet: | |
| Tagit: |
Lisää tagi
Ei tageja, Lisää ensimmäinen tagi!
|
MARC
| LEADER | 00000cam a2200000 a 4500 | ||
|---|---|---|---|
| 001 | UCD3580 | ||
| 003 | CL-VaPUC | ||
| 008 | 160609e19670411ag |||||||||||||||||spa|d | ||
| 082 | 0 | 4 | |a 346.8203 |b CAR |2 21 |
| 100 | 0 | |a Cardini, Eugenio Osvaldo |e author |9 587100 | |
| 245 | 1 | 0 | |a Estado de necesidad |
| 250 | |a 1a. ed | ||
| 300 | |a 156 p | ||
| 942 | |c BK | ||
| 945 | |d 20160609 22:21:00 |a arojas | ||
| 260 | |a Buenos Aires |b Abeledo-Perrot |c 1967 | ||
| 650 | 0 | |a Derecho civil argentino |9 398477 | |
| 650 | 7 | |a HECHO JURIDICO |2 CL-VaPUC |9 384051 | |
| 650 | 7 | |a ESTADO DE NECESIDAD |2 CL-VaPUC |9 382431 | |
| 650 | 0 | |a Responsabilidad |9 308399 | |
| 651 | 0 | |a Argentina |9 254888 | |
| 583 | |a last modification |c 20160609 22:21:00 |k Rodrigo Vera | ||
| 490 | 0 | |a Monografías Jurídicas, 109 | |
| 999 | |c 364616 |d 364614 | ||
| 952 | |0 0 |1 0 |3 erb |4 0 |6 346_820300000000000_CAR_1967 |7 0 |8 A |9 478164 |a BIBDER |b BIBDER |i 5313279 |o 346.8203 CAR 1967 |p 5313279 |r 2023-01-25 |w 2019-11-24 |y BK |z Catalogado en:20160609 |k DER | ||